000 00680nam a2200217Ia 4500
008 191130s2006##################000#0#eng##
020 _a9781403996671
022 _a2005058649
040 _aACL
_cACL
082 _a332.04154094 SCH
100 _aSchertler, Andrea
245 _aThe venture capital industry in Europe
_cAndrea Schertler
260 _aBasingstoke, Hampshire
_bPalgrave Macmillan
_c2006
300 _ax, 172 p. : ill. ; 23 cm
500 _aIncludes bibliographical references (p. 153-168) and index
650 _aFinance - Europe
650 _aVenture capital - Europe
990 _a1968db5bac10000c68db00bc67dbcca7
991 _a144274
999 _c74894
_d74894